Campus Sexual Violence Prevention and Response: Lessons from a Pandemic to Inform Future Efforts

The COVID-19 pandemic forced institutions of higher education to transition and work in ways that were new and innovative. Even though most colleges and universities transitioned to a virtual platform, the issues that students face continued, including sexual violence (SV). For many campus preventio...

Full description

Saved in:  
Bibliographic Details
Authors: Potter, Sharyn J. (Author) ; Moschella-Smith, Elizabeth A. (Author) ; Lynch, Michelle (Author)
Format: Electronic Article
Language:English
Published: 2022
In: Journal of interpersonal violence
Year: 2022, Volume: 37, Issue: 17/18, Pages: NP15037-NP15057
Online Access: Volltext (lizenzpflichtig)
Check availability: HBZ Gateway
Keywords:

MARC

LEADER 00000naa a22000002c 4500
001 1884194508
003 DE-627
005 20240325105159.0
007 cr uuu---uuuuu
008 240325s2022 xx |||||o 00| ||eng c
024 7 |a 10.1177/08862605221106191  |2 doi 
035 |a (DE-627)1884194508 
035 |a (DE-599)KXP1884194508 
040 |a DE-627  |b ger  |c DE-627  |e rda 
041 |a eng 
084 |a 2,1  |2 ssgn 
100 1 |a Potter, Sharyn J.  |e VerfasserIn  |4 aut 
245 1 0 |a Campus Sexual Violence Prevention and Response: Lessons from a Pandemic to Inform Future Efforts 
264 1 |c 2022 
336 |a Text  |b txt  |2 rdacontent 
337 |a Computermedien  |b c  |2 rdamedia 
338 |a Online-Ressource  |b cr  |2 rdacarrier 
520 |a The COVID-19 pandemic forced institutions of higher education to transition and work in ways that were new and innovative. Even though most colleges and universities transitioned to a virtual platform, the issues that students face continued, including sexual violence (SV). For many campus prevention and response professionals, reaching students during the pandemic posed unique challenges. The COVID-19 pandemic began when the project team was 18-months into a 4-year grant to administer and evaluate the efficacy of a SV prevention and response app, uSafeUS?, at 15 4-year colleges. In this paper, we describe the transition of engaging students with the app in traditional in-person settings to remote and hybrid learning settings. The project team, in collaboration with the campus partners, devised new ways to use the app to support victims of SV and their allies, along with campus professionals in their efforts to support students. These efforts included changes to collaboration (e.g., virtual platforms) and student engagement strategies. We describe how the lessons learned from this transition are important for continuing to engage campus communities in SV prevention and response, even as campuses slowly transitioned back to hybrid and in-person activities. The knowledge gained from this transition are attributable to an ongoing and open collaboration between campus practitioners and the project team. 
650 4 |a Collaboration 
650 4 |a dating violence 
650 4 |a Intervention 
650 4 |a mobile technology 
650 4 |a Sexual Assault 
700 1 |a Moschella-Smith, Elizabeth A.  |e VerfasserIn  |4 aut 
700 1 |a Lynch, Michelle  |e VerfasserIn  |4 aut 
773 0 8 |i Enthalten in  |t Journal of interpersonal violence  |d London [u.a.] : Sage, 1986  |g 37(2022), 17/18, Seite NP15037-NP15057  |h Online-Ressource  |w (DE-627)324614721  |w (DE-600)2028900-5  |w (DE-576)276556305  |x 1552-6518  |7 nnas 
773 1 8 |g volume:37  |g year:2022  |g number:17/18  |g pages:NP15037-NP15057 
856 4 0 |u https://doi.org/10.1177/08862605221106191  |x Resolving-System  |z lizenzpflichtig  |3 Volltext  |7 1 
951 |a AR 
ELC |a 1 
LOK |0 000 xxxxxcx a22 zn 4500 
LOK |0 001 4503451448 
LOK |0 003 DE-627 
LOK |0 004 1884194508 
LOK |0 005 20240325105159 
LOK |0 008 240325||||||||||||||||ger||||||| 
LOK |0 040   |a DE-2619  |c DE-627  |d DE-2619 
LOK |0 092   |o n 
LOK |0 852   |a DE-2619 
LOK |0 852 1  |9 00 
LOK |0 866   |x zotak: Nacherfasst, da in zota-Errors 
LOK |0 935   |a krzo 
LOK |0 939   |a 25-03-24  |b l01 
ORI |a SA-MARC-krimdoka001.raw